pilote de formule 1 2023 - Statistiques

Statistiques générales
  • Ce quiz a été pris 196 fois
  • Le résultat moyen est 17 sur 20
Statistiques - réponses
Réponse % Correct
Lewis Hamilton
93%
Max Verstappen
92%
Charles Leclerc
91%
Esteban Ocon
89%
Fernando Alonso
89%
Carlos Sainz
88%
Sergio Perez
87%
Valtteri Bottas
87%
George Russell
86%
Pierre Gasly
86%
Yuki Tsunoda
84%
Lance Stroll
83%
Oscar Piastri
82%
Lando Norris
81%
Alexander Albon
80%
Kevin Magnussen
80%
Nico Hulkenberg
77%
Nyck De Vries
73%
Logan Sargeant
72%
Zhou Guanyu
54%
Aucun quiz correspondant
Distribution des résultats
% des personnes avec chaque résultat
Percentile par nombre de réponses
Votre historique - résultats
Vous n’avez pas pris ce quiz